| 000 | 00581nam a2200181Ia 4500 | ||
|---|---|---|---|
| 008 | 151018s9999 xx 000 0 und d | ||
| 082 |
_bRBASDV60773 _a891.463 |
||
| 100 | _aसचिन बेडभर | ||
| 245 | _aनानाची टांग | ||
| 250 | _b1 | ||
| 260 |
_b"निखील प्रकाशन, कोल्हापूर" _c2012 |
||
| 300 | _a168 | ||
| 600 | _aसचिन बेडभर | ||
| 630 | _aनानाची टांग | ||
| 700 | _aसचिन बेडभर | ||
| 730 | _aनानाची टांग | ||
| 942 | _cBOOK | ||
| 999 |
_c1054275 _d1054272 |
||